000 00524cam a22002054a 4500
005 20250605164316.0
008 250528s ||||||||||||||||||||||||d
035 _a22713
020 _a9780077078362
040 _aGR-AtMCL
_bgre
_dGR-AtMCL
_eAACR2
245 1 _aEUROPEAN ECONOMIC INTEGRATION AND SUSTAINABLE DEVELOPMENT
250 _a1
260 _bMcgraw Hill,
_c1996
300 _a315
700 1 _aBarrass Robert
_93433
700 1 _aMadhavan Shobhana
_93434
942 _cBK
999 _c7759
_d7759